<?xml version="1.0" encoding="UTF-8"?>
<record
    xmlns:xsi="http://www.w3.org/2001/XMLSchema-instance"
    xsi:schemaLocation="http://www.loc.gov/MARC21/slim http://www.loc.gov/standards/marcxml/schema/MARC21slim.xsd"
    xmlns="http://www.loc.gov/MARC21/slim">

  <leader>01657nam a2200253 i 4500</leader>
  <controlfield tag="003">DO-SdBNP</controlfield>
  <controlfield tag="005">20240305094430.0</controlfield>
  <controlfield tag="006">a||||gr|||| 00| 0 </controlfield>
  <controlfield tag="007">ta</controlfield>
  <controlfield tag="008">230623e1949    dr ||||| |||| 00| 0 spa d</controlfield>
  <datafield tag="040" ind1=" " ind2=" ">
    <subfield code="a">DO-SdBNP</subfield>
    <subfield code="b">spa</subfield>
    <subfield code="c">BNPHU</subfield>
    <subfield code="e">rda</subfield>
  </datafield>
  <datafield tag="082" ind1=" " ind2="4">
    <subfield code="b">C117d</subfield>
    <subfield code="2">22</subfield>
  </datafield>
  <datafield tag="100" ind1="1" ind2=" ">
    <subfield code="a">Cabral, Manuel del,</subfield>
    <subfield code="d">1907-1999</subfield>
    <subfield code="e">autor</subfield>
    <subfield code="9">23556</subfield>
  </datafield>
  <datafield tag="245" ind1="1" ind2="0">
    <subfield code="a">De este lado del mar. /</subfield>
    <subfield code="c">Manuel del Cabral.</subfield>
  </datafield>
  <datafield tag="264" ind1=" " ind2="1">
    <subfield code="a">Ciudad Truillo :</subfield>
    <subfield code="b">Dominicana, C. por A.,</subfield>
    <subfield code="c">1949</subfield>
  </datafield>
  <datafield tag="300" ind1=" " ind2=" ">
    <subfield code="a">125 p&#xE1;ginas ;</subfield>
    <subfield code="c">21 cm.</subfield>
  </datafield>
  <datafield tag="336" ind1=" " ind2=" ">
    <subfield code="2">rdacontent</subfield>
    <subfield code="a">texto</subfield>
    <subfield code="b">txt</subfield>
  </datafield>
  <datafield tag="337" ind1=" " ind2=" ">
    <subfield code="2">rdamedia</subfield>
    <subfield code="a">sin medici&#xF3;n</subfield>
    <subfield code="b">n</subfield>
  </datafield>
  <datafield tag="338" ind1=" " ind2=" ">
    <subfield code="2">rdacarrier</subfield>
    <subfield code="a">volumen</subfield>
    <subfield code="b">nc</subfield>
  </datafield>
  <datafield tag="505" ind1=" " ind2=" ">
    <subfield code="a">Palabras preliminares.</subfield>
    <subfield code="g">DE ESTE LADO DEL MAR:</subfield>
    <subfield code="t">Sitio del sue&#xF1;o.-- Oda al hombre que viene.-- Madera sin tiempo.-- Pa&#xED;s entre dos mares.-- Voz complementaria.-- Eleg&#xED;a bruta.-- Cuando comprendas.--  Color de agua.-- Palabra.-- Hombre y perro.-- Un canto para Franklyn.-- Oda para otro idioma.-- Viejo chino de Brooklyn.-- Sol gallero.-- Manuel y su cad&#xE1;ver.-- Indio.-- De este lado del mar.-- Oda a Col&#xE1;.--Tema para mi instinto.-- Tiempo de crecer.-- Destrucci&#xF3;n para ser.--Ni&#xF1;o muerto en un patio.-- Amistad con el d&#xED;a.-- Aire de Carne.-- Tiempo de la tierra.-- Nocturno con soldado. </subfield>
    <subfield code="g">OTROS POEMAS:</subfield>
    <subfield code="t">Piedra.-- El viento.-- Poes&#xED;a.-- Dios y el hombre.-- A Erasmo de Rotterdan.-- Viejo avaro.-- Gota.-- Hombre.-- Tierra.-- Viaje.-- Voz.-- Hondero.-- Vida.-- Hoy ha muerto el viejito que hac&#xED;a versos.-- Por el camino de un sonrisa.-- Agua de carne.-- Luz herida.--</subfield>
    <subfield code="g">DOS POEMAS PARA CERRA:</subfield>
    <subfield code="t">Quintillas para Bol&#xED;var.-- &#xBF;Y ma&#xF1;ana?</subfield>
  </datafield>
  <datafield tag="590" ind1=" " ind2=" ">
    <subfield code="a">Inventariado 2023 / MF</subfield>
  </datafield>
  <datafield tag="910" ind1=" " ind2=" ">
    <subfield code="a">MF</subfield>
  </datafield>
  <datafield tag="942" ind1=" " ind2=" ">
    <subfield code="2">ddc</subfield>
    <subfield code="c">LBS1</subfield>
  </datafield>
  <datafield tag="952" ind1=" " ind2=" ">
    <subfield code="0">0</subfield>
    <subfield code="1">0</subfield>
    <subfield code="2">ddc</subfield>
    <subfield code="5">1</subfield>
    <subfield code="7">0</subfield>
    <subfield code="8">PD-RV</subfield>
    <subfield code="a">BNPHU</subfield>
    <subfield code="b">BNPHU</subfield>
    <subfield code="c">CT</subfield>
    <subfield code="d">2014-12-23</subfield>
    <subfield code="e">Donado por Barbara Suncar</subfield>
    <subfield code="l">0</subfield>
    <subfield code="o">BNPHU PD C117d</subfield>
    <subfield code="p">2023-2722</subfield>
    <subfield code="r">2023-06-23</subfield>
    <subfield code="w">2023-06-23</subfield>
    <subfield code="y">LBS1</subfield>
  </datafield>
  <datafield tag="952" ind1=" " ind2=" ">
    <subfield code="0">0</subfield>
    <subfield code="1">0</subfield>
    <subfield code="2">ddc</subfield>
    <subfield code="5">1</subfield>
    <subfield code="7">0</subfield>
    <subfield code="8">PD</subfield>
    <subfield code="a">BNPHU</subfield>
    <subfield code="b">BNPHU</subfield>
    <subfield code="c">CT</subfield>
    <subfield code="d">2023-08-07</subfield>
    <subfield code="e">donaci&#xF3;n</subfield>
    <subfield code="l">0</subfield>
    <subfield code="o">BNPHU PD C117d</subfield>
    <subfield code="p">2023-5212</subfield>
    <subfield code="r">2023-08-07</subfield>
    <subfield code="w">2023-08-07</subfield>
    <subfield code="y">LBS1</subfield>
  </datafield>
  <datafield tag="952" ind1=" " ind2=" ">
    <subfield code="0">0</subfield>
    <subfield code="1">0</subfield>
    <subfield code="2">ddc</subfield>
    <subfield code="5">6</subfield>
    <subfield code="7">0</subfield>
    <subfield code="8">DS</subfield>
    <subfield code="a">BNPHU</subfield>
    <subfield code="b">BNPHU</subfield>
    <subfield code="c">CT</subfield>
    <subfield code="d">2023-12-27</subfield>
    <subfield code="e">donaci&#xF3;n</subfield>
    <subfield code="l">0</subfield>
    <subfield code="o">BNPHU DS C117d</subfield>
    <subfield code="p">2023-8445</subfield>
    <subfield code="r">2023-12-27</subfield>
    <subfield code="t">e.3</subfield>
    <subfield code="w">2023-12-27</subfield>
    <subfield code="y">LBS1</subfield>
  </datafield>
  <datafield tag="999" ind1=" " ind2=" ">
    <subfield code="c">53927</subfield>
    <subfield code="d">53927</subfield>
  </datafield>
</record>
